| 000 | 00552nam a2200193 a 4500 | ||
|---|---|---|---|
| 005 | 20140310183525.0 | ||
| 008 | 110929s19uu xx 00 eng d | ||
| 020 | _a9789814314312 | ||
| 050 |
_aHG 6024 _b.C454 2011 |
||
| 100 | _aChance, Don | ||
| 245 |
_aUnderstanding derivatives and risk management / _cDon M. Chance and Robert Brooks. |
||
| 260 |
_aSingapore : _bCengage Learning, _c2011. |
||
| 300 |
_a671 p. : _c24 cm. |
||
| 521 | _aBSBA | ||
| 650 | _aRisk management | ||
| 700 | _aBrooks, Robert | ||
| 942 |
_cBK _2lcc _kFOR |
||
| 999 |
_c24489 _d24489 |
||